Statistics for Albums Of 1976

Click here to take the quiz!

General Stats

  • This quiz has been taken 45 times
  • The average score is 9 of 16

Answer Stats

HintAnswer% Correct
Hotel CaliforniaThe Eagles
98%
A Day At The RacesQueen
90%
Dirty Deeds Done Dirt CheapAC/DC
83%
Songs In The Key Of LifeStevie Wonder
80%
F_______ Comes AlivePeter Frampton
76%
Fly Like An EagleSteve Miller Band
68%
Night MovesBob Seger
66%
Year Of The CatAl Stewart
61%
2112Rush
51%
B_____Boston
39%
The PretenderJackson Browne
39%
DestroyerKiss
39%
TurnstilesBilly Joel
37%
PresenceLed Zeppelin
32%
Gimme Back My BulletsLynyrd Skynyrd
32%
Crystal BallStyx
29%

Score Distribution

Percentile by Number Answered

Percent of People with Each Score

Your Score History

You have not taken this quiz